Hướng đẫn sử dụng Microsoft Excel 97 Toàn tập

Spremljeno u:
Bibliografski detalji
Glavni autor: Vincent, Patrick (Tác giả)
Daljnji autori: Đoàn, Công Hùng (dịch), Nguyễn, Văn Phước (dịch)
Format: Knjiga
Jezik:Vietnamese
Izdano: TP. Hồ Chí Minh NXB. trẻ 1997
Teme:
Oznake: Dodaj oznaku
Bez oznaka, Budi prvi tko označuje ovaj zapis!
Thư viện lưu trữ: Mạng thư viện Đại học Đà Nẵng
LEADER 01272nam a22003618a 4500
001 000012978
003 9305
005 20120306080311.0
008 120306s1997 b 000 0 vieod
020 |c 0đ  |d 1000b 
041 0 |a vie 
080 |a 6T7.3-018.2 
082 |a 004.678  |b VI-P 
084 |a F973.202  |b H250B 
100 0 |a Vincent, Patrick  |e Tác giả 
245 1 0 |a Hướng đẫn sử dụng Microsoft Excel 97  |b Toàn tập  |c Patrick Vincent, Tổng hợp & Biên dịch: Đoàn Công Hùng, Nguyễn Văn Phước 
260 |a TP. Hồ Chí Minh  |b NXB. trẻ  |c 1997 
300 |a 611 tr  |b hình vẽ  |c 24cm 
653 |a Internet 
700 1 |a Vincent, Patrick  |e Tác giả 
700 1 |a Đoàn, Công Hùng  |e dịch 
700 1 |a Nguyễn, Văn Phước  |e dịch 
910 |a Nguyễn, Thị Lê Na 
OWN |a LSP 
AVA |a UDN50  |b LSP  |d 004.678 VI-P  |e available  |t Error 5001 Not defined in file expand_doc_bib_avail.  |f 2  |g 0  |h N  |i 0  |k 1 
999 |a From the UDN01 
AVA |a UDN50  |b LSP  |d 004.678 VI-P  |e available  |t Error 5001 Not defined in file expand_doc_bib_avail.  |f 2  |g 0  |h N  |i 0  |k 1 
TYP |a Monograph 
TYP |a Printed language 
980 |a Mạng thư viện Đại học Đà Nẵng